00574nam a2200193 a 4500008004100000020001500041050002000056100001900076245007800095250001200173260003100185300002100216350000900237650005600246650001700302650002500319700001600344700002000360120416s1995 ||||||||||||||||| || u a0240513975 aTK 7882.C56 Dig aVergult, Guido10aDigital audio and compact disc technology. (3rd ed.)cedited by Luc Baert a3rd ed. aOxford:bFocal Pressc1995 aix, 305p. : ill. a0.00 aSOUND-RECORDING AND REPRODUCING--DIGITAL TECHNIQUES aCOMPACT DISC aCOMPACT DISC PLAYERS aBaert, Luck aTheunissen, Luc